| 000 -LEADER |
| fixed length control field |
03096cam a2200541 i 4500 |
| 001 - CONTROL NUMBER |
| control field |
22455627 |
| 003 - CONTROL NUMBER IDENTIFIER |
| control field |
NUST |
| 005 - DATE AND TIME OF LATEST TRANSACTION |
| control field |
20220828190337.0 |
| 008 - FIXED-LENGTH DATA ELEMENTS--GENERAL INFORMATION |
| fixed length control field |
220307t20212021xx a e b 000 0 eng d |
| 010 ## - LIBRARY OF CONGRESS CONTROL NUMBER |
| LC control number |
2021278509 |
| 020 ## - INTERNATIONAL STANDARD BOOK NUMBER |
| International Standard Book Number |
1634992997 |
| Qualifying information |
(paperback) |
| 020 ## - INTERNATIONAL STANDARD BOOK NUMBER |
| International Standard Book Number |
9781634992992 |
| Qualifying information |
(paperback) |
| 035 ## - SYSTEM CONTROL NUMBER |
| System control number |
(OCoLC)on1231959887 |
| 038 ## - RECORD CONTENT LICENSOR |
| Staff Name |
Azhar |
| 040 ## - CATALOGING SOURCE |
| Original cataloging agency |
YDX |
| Language of cataloging |
eng |
| Transcribing agency |
YDX |
| Description conventions |
rda |
| Modifying agency |
BDX |
| -- |
IMF |
| -- |
OCLCO |
| -- |
OCLCF |
| -- |
DLC |
| 042 ## - AUTHENTICATION CODE |
| Authentication code |
lccopycat |
| 043 ## - GEOGRAPHIC AREA CODE |
| Geographic area code |
n-us-ca |
| 050 00 - LIBRARY OF CONGRESS CALL NUMBER |
| Classification number |
F667 |
| Item number |
.W55 2021 |
| 082 ## - DEWEY DECIMAL CLASSIFICATION NUMBER |
| Classification number |
791.4372 |
| Author Mark |
WIL |
| 100 1# - MAIN ENTRY--PERSONAL NAME |
| Personal name |
Willinger, Andy., |
| Relator term |
author. |
| 9 (RLIN) |
94803 |
| 245 10 - TITLE STATEMENT |
| Title |
Abandoned California : |
| Remainder of title |
the Salton Sea |
| Statement of responsibility, etc. |
Andy Willinger. |
| 260 ## - PUBLICATION, DISTRIBUTION, ETC. |
| Place of publication, distribution, etc. |
[place of publication not identified] : |
| Name of publisher, distributor, etc. |
Arcadia Publishing by arrangement with Fonthill Media, LLC, |
| Date of publication, distribution, etc. |
2021 |
| 300 ## - PHYSICAL DESCRIPTION |
| Extent |
96 p |
| Other physical details |
chiefly color illustrations ; |
| Dimensions |
24 cm |
| 336 ## - CONTENT TYPE |
| Content type term |
still image |
| Content type code |
sti |
| Source |
rdacontent |
| 337 ## - MEDIA TYPE |
| Media type term |
unmediated |
| Media type code |
n |
| Source |
rdamedia |
| 338 ## - CARRIER TYPE |
| Carrier type term |
volume |
| Carrier type code |
nc |
| Source |
rdacarrier |
| 490 1# - SERIES STATEMENT |
| Series statement |
America Through Time |
| 504 ## - BIBLIOGRAPHY, ETC. NOTE |
| Bibliography, etc. note |
Includes bibliographical references (pages 94-95). |
| 505 0# - FORMATTED CONTENTS NOTE |
| Formatted contents note |
Bombay Beach -- The North Shore -- Desert Shores -- Rancho La Playa -- Salton Sea Beach -- The Southeast corner -- The outskirts -- Salton Sea Naval Base -- Salton City. |
| 520 ## - SUMMARY, ETC. |
| Summary, etc. |
"The Salton Sea, California's largest inland body of water, was a spectacular oasis in the desert which attracted droves of boating, fishing, and beach enthusiasts for fun in the sun. ...By the 1970s, unpredictable and poisonous agricultural runoff continually flooded the shorelines and caused many of the fish to die. After storms decimated several of the resorts and marinas, many residents were forced to abandon their homes and businesses. These once glorious seaside towns have been reduced to bleak, desolate wastelands, as the Salton Sea is now drying up... 'Abandoned California: The Salton Sea'... capture(s) the sublime beauty of the forsaken landscapes, buildings, and artifacts of this historic area's once vibrant past."--Back cover. |
| 650 #0 - SUBJECT ADDED ENTRY--TOPICAL TERM |
| Topical term or geographic name entry element |
Abandoned buildings |
| Geographic subdivision |
California |
| -- |
Salton Sea |
| Form subdivision |
Pictorial works. |
| 9 (RLIN) |
94804 |
| 650 #0 - SUBJECT ADDED ENTRY--TOPICAL TERM |
| Topical term or geographic name entry element |
Abandonment of property |
| Geographic subdivision |
California |
| -- |
Salton Sea |
| Form subdivision |
Pictorial works. |
| 9 (RLIN) |
94805 |
| 650 #7 - SUBJECT ADDED ENTRY--TOPICAL TERM |
| Topical term or geographic name entry element |
Abandoned buildings. |
| Source of heading or term |
fast |
| Authority record control number or standard number |
(OCoLC)fst01740987 |
| 9 (RLIN) |
94806 |
| 650 #7 - SUBJECT ADDED ENTRY--TOPICAL TERM |
| Topical term or geographic name entry element |
Abandonment of property. |
| Source of heading or term |
fast |
| Authority record control number or standard number |
(OCoLC)fst00794195 |
| 9 (RLIN) |
94807 |
| 650 #7 - SUBJECT ADDED ENTRY--TOPICAL TERM |
| Topical term or geographic name entry element |
Buildings. |
| Source of heading or term |
fast |
| Authority record control number or standard number |
(OCoLC)fst00840962 |
| 651 #0 - SUBJECT ADDED ENTRY--GEOGRAPHIC NAME |
| Geographic name |
Salton Sea (Calif.) |
| General subdivision |
Buildings, structures, etc. |
| Form subdivision |
Pictorial works. |
| 9 (RLIN) |
94808 |
| 651 #0 - SUBJECT ADDED ENTRY--GEOGRAPHIC NAME |
| Geographic name |
California |
| General subdivision |
History. |
| 9 (RLIN) |
94809 |
| 651 #7 - SUBJECT ADDED ENTRY--GEOGRAPHIC NAME |
| Geographic name |
California. |
| Source of heading or term |
fast |
| Authority record control number or standard number |
(OCoLC)fst01204928 |
| 9 (RLIN) |
93850 |
| 651 #7 - SUBJECT ADDED ENTRY--GEOGRAPHIC NAME |
| Geographic name |
California |
| Geographic subdivision |
Salton Sea. |
| Source of heading or term |
fast |
| Authority record control number or standard number |
(OCoLC)fst01242292 |
| 9 (RLIN) |
94810 |
| 655 #7 - INDEX TERM--GENRE/FORM |
| Genre/form data or focus term |
History. |
| Source of term |
fast |
| Authority record control number |
(OCoLC)fst01411628 |
| 9 (RLIN) |
13777 |
| 655 #7 - INDEX TERM--GENRE/FORM |
| Genre/form data or focus term |
Illustrated works. |
| Source of term |
fast |
| Authority record control number |
(OCoLC)fst01423873 |
| 9 (RLIN) |
94792 |
| 655 #7 - INDEX TERM--GENRE/FORM |
| Genre/form data or focus term |
Pictorial works. |
| Source of term |
fast |
| Authority record control number |
(OCoLC)fst01423874 |
| 9 (RLIN) |
81105 |
| 655 #7 - INDEX TERM--GENRE/FORM |
| Genre/form data or focus term |
Illustrated works. |
| Source of term |
lcgft |
| 9 (RLIN) |
94792 |
| 830 #0 - SERIES ADDED ENTRY--UNIFORM TITLE |
| Uniform title |
America through time. |
| 9 (RLIN) |
94811 |
| 906 ## - LOCAL DATA ELEMENT F, LDF (RLIN) |
| a |
7 |
| b |
cbc |
| c |
copycat |
| d |
2 |
| e |
ncip |
| f |
20 |
| g |
y-gencatlg |
| 942 ## - ADDED ENTRY ELEMENTS (KOHA) |
| Source of classification or shelving scheme |
|
| Koha item type |
Lincoln Corner |